000 00323nam a2200121Ia 4500
005 20251222154434.0
008 251222s9999||||xx |||||||||||||| ||spa||
020 _a978-612-4088-02-5
082 _a616.07/L69
100 _a"Lizaraso Soto, Marco Antonio"
245 0 _aSistema interactivo de patologĂ­a general
942 _cLIB
999 _c36526
_d36526